[Event "Championnat de la Loire - Open"]
[Site "Loire"]
[Date "2009.11.14"]
[Round "2.11"]
[White "Boeuf, Jean-Julien"]
[Black "Boeuf, Jeremy"]
[Result "1-0"]
[WhiteElo "1400"]
[BlackElo "1499"]
[PlyCount "103"]
[EventDate "2009.??.??"]

1. e4 c6 2. d4 d5 3. exd5 cxd5 4. Bd3 Nf6 5. Bf4 g6 6. Nf3 Bg4 7. Nbd2 Bg7 8.
h3 Bxf3 9. Nxf3 O-O 10. c3 Nbd7 11. Qd2 Qb6 12. O-O-O a5 13. Bh6 Ne4 14. Bxe4
dxe4 15. Ne1 f6 16. Bxg7 Kxg7 17. Nc2 f5 18. g4 a4 19. gxf5 Rxf5 20. d5 Rxf2
21. Qd4+ Qxd4 22. Rxd4 Raf8 23. Re1 Rf1 24. Rdxe4 Rxe1+ 25. Rxe1 Nb6 26. Rxe7+
Rf7 27. Rxf7+ Kxf7 28. Ne3 Ke7 29. Kd2 Kd6 30. c4 Kc5 31. Kc3 Nd7 32. b4+ axb3
33. axb3 h5 34. b4+ Kb6 35. Kd4 g5 36. Ke4 g4 37. hxg4 hxg4 38. Nxg4 Kc7 39.
Ne5 Nxe5 40. Kxe5 Kd7 41. c5 Kc7 42. Ke6 Kd8 43. Kd6 Kc8 44. b5 Kd8 45. c6 b6
46. c7+ Kc8 47. Ke7 Kb7 48. d6 Kc8 49. d7+ Kb7 50. c8=Q+ Ka7 51. Qc7+ Ka8 52.
d8=Q# 1-0

[Event "Championnat de la Loire - Open"]
[Site "Loire"]
[Date "2009.11.14"]
[Round "2.12"]
[White "Barrandon, Georges"]
[Black "Martin, Julien"]
[Result "0-1"]
[WhiteElo "1499"]
[BlackElo "1370"]
[PlyCount "116"]
[EventDate "2009.??.??"]

1. e4 e5 2. Nf3 Nc6 3. Bb5 d6 4. d3 Bd7 5. Nc3 Be7 6. O-O Nf6 7. Be3 O-O 8. Bc4
Ng4 9. Nd5 Nxe3 10. Nxe7+ Qxe7 11. fxe3 Qf6 12. Nd4 Qg6 13. Nf5 Rae8 14. a3 Ne7
15. Ng3 b5 16. Bb3 Qg5 17. Qe2 c6 18. Rf2 d5 19. exd5 Nxd5 20. Ne4 Qxe3 21.
Bxd5 Qxe2 22. Bxf7+ Rxf7 23. Rxe2 Ref8 24. Rf2 c5 25. Raf1 Rxf2 26. Rxf2 c4 27.
dxc4 bxc4 28. Rxf8+ Kxf8 29. c3 Ke7 30. Nc5 Bc6 31. b3 cxb3 32. Nxb3 Kd6 33.
Nd2 Kd5 34. g3 e4 35. Kf2 Ke5 36. Ke3 a6 37. Nc4+ Kd5 38. Nd2 Ke5 39. Nb3 g5
40. Nc5 a5 41. Nb3 a4 42. Nd2 h5 43. Nb1 Kd5 44. Nd2 Ke5 45. Nc4+ Kd5 46. Nd2
Kc5 47. c4 Bb7 48. h3 Bc6 49. h4 gxh4 50. gxh4 Bb7 51. Nxe4+ Bxe4 52. Kxe4 Kxc4
53. Kf5 Kb3 54. Kg5 Kxa3 55. Kxh5 Kb2 56. Kg5 a3 57. h5 a2 58. h6 a1=Q 0-1

[Event "Championnat de la Loire - Open"]
[Site "Loire"]
[Date "2009.11.14"]
[Round "2.13"]
[White "Marie, Michel"]
[Black "Daillere, Roland"]
[Result "0-1"]
[WhiteElo "1499"]
[BlackElo "1360"]
[PlyCount "74"]
[EventDate "2009.??.??"]

1. d4 Nf6 2. Nc3 Nc6 3. e4 e6 4. d5 exd5 5. exd5 Ne5 6. Qe2 Bd6 7. Nf3 Qe7 8.
Nxe5 Bxe5 9. Qf3 Bxc3+ 10. Kd1 d6 11. bxc3 Bg4 12. Bb5+ Kf8 13. Qxg4 Nxg4 14.
Re1 Nxf2+ 15. Kd2 Qg5+ 16. Ke2 Qxd5 17. Kxf2 Qf5+ 18. Kg1 c6 19. Ba4 Re8 20.
Rf1 Qc5+ 21. Kh1 h6 22. Bf4 g5 23. Bg3 Re2 24. Rfd1 Ke7 25. Bxd6+ Qxd6 26. Rxd6
Kxd6 27. Rd1+ Kc7 28. a3 Rhe8 29. h3 Rf2 30. Bb3 Ree2 31. Rg1 f5 32. Kh2 h5 33.
Bc4 Rxc2 34. Be6 f4 35. h4 g4 36. Kh1 f3 37. gxf3 Rh2# 0-1

[Event "Championnat de la Loire - Open"]
[Site "Loire"]
[Date "2009.11.14"]
[Round "2.14"]
[White "Mialon, Franck"]
[Black "Ben Habchi, Nordine"]
[Result "1-0"]
[WhiteElo "1370"]
[BlackElo "1480"]
[PlyCount "69"]
[EventDate "2009.??.??"]

1. e4 d5 2. exd5 Qxd5 3. Nc3 Qa5 4. d4 c6 5. Bd2 Nf6 6. Ne4 Qd8 7. Nxf6+ exf6
8. Nf3 Bg4 9. Be2 Bxf3 10. Bxf3 Qxd4 11. O-O Be7 12. Qe2 Qxb2 13. Rab1 Qe5 14.
Qd3 b6 15. Rfe1 Qc7 16. Qc3 O-O 17. Rbd1 Re8 18. Bf4 Qb7 19. Bxb8 Qxb8 20. Bxc6
Qc7 21. Rd7 Qf4 22. Rxa7 Bb4 23. Rxe8+ Rxe8 24. Qa1 Rd8 25. g3 Qc4 26. Ba4 Qc5
27. Bb3 Rf8 28. Qd1 b5 29. Qd7 Qg5 30. Bxf7+ Kh8 31. Qb7 Qc1+ 32. Kg2 Qxc2 33.
Qf3 Bc5 34. Ra8 g6 35. Qxf6# 1-0

[Event "Championnat de la Loire - Open"]
[Site "Loire"]
[Date "2009.11.14"]
[Round "2.15"]
[White "Doran, Niall"]
[Black "Bader, Gaetan"]
[Result "1-0"]
[WhiteElo "1470"]
[BlackElo "1220"]
[PlyCount "81"]
[EventDate "2009.??.??"]

1. e4 e5 2. Nf3 Nc6 3. Bb5 a6 4. Ba4 b5 5. Bb3 Nf6 6. O-O Bc5 7. Nxe5 Nxe5 8.
d4 Bd6 9. dxe5 Bxe5 10. f4 Bd6 11. e5 Bc5+ 12. Kh1 Ne4 13. Qd5 Rf8 14. Qxe4 Rb8
15. Nd2 Bb7 16. Bd5 c6 17. Bb3 f5 18. exf6+ Be7 19. fxe7 Qxe7 20. Qxe7+ Kxe7
21. Nf3 c5 22. c3 h6 23. Be3 d6 24. Nh4 Rf6 25. Bc2 g5 26. Ng6+ Kf7 27. fxg5
hxg5 28. Rxf6+ Kxf6 29. Rf1+ Kg7 30. Bxg5 Re8 31. Nf4 b4 32. Nh5+ Kg8 33. Nf6+
Kf8 34. Nxe8+ Kxe8 35. Bg6+ Kd7 36. Rf7+ Kc6 37. Be4+ Kb6 38. Rxb7+ Ka5 39.
cxb4+ cxb4 40. Bd8+ Ka4 41. Bc6# 1-0

[Event "Championnat de la Loire - Open"]
[Site "Loire"]
[Date "2009.11.14"]
[Round "2.16"]
[White "Rasle, Corentin"]
[Black "Megnot, Philippe"]
[Result "1-0"]
[WhiteElo "1350"]
[BlackElo "1460"]
[PlyCount "83"]
[EventDate "2009.??.??"]

1. d4 d5 2. c4 c6 3. Nc3 Nf6 4. Nf3 h6 5. Bf4 Nbd7 6. e3 e6 7. Bd3 Be7 8. Be5
O-O 9. O-O Re8 10. Re1 Nxe5 11. Nxe5 Nd7 12. Nxd7 Qxd7 13. Rc1 Bg5 14. Rc2 Bf6
15. Rc1 e5 16. cxd5 exd4 17. dxc6 bxc6 18. exd4 Rxe1+ 19. Qxe1 Bxd4 20. Qe4 g6
21. Bb5 Bb7 22. Ba4 Re8 23. Qd3 Bxf2+ 24. Kxf2 Qxd3 25. Rd1 Qf5+ 26. Kg1 Qc2
27. Bxc2 Ba6 28. Bd3 Bxd3 29. Rxd3 Re1+ 30. Kf2 Re6 31. Rd7 a6 32. Ra7 c5 33.
Rc7 Re5 34. Rc6 a5 35. Rb6 c4 36. Rb5 Rxb5 37. Nxb5 Kf8 38. Nd6 c3 39. bxc3 Ke7
40. Nb7 a4 41. c4 Kd7 42. Nc5+ 1-0

[Event "Championnat de la Loire - Open"]
[Site "Loire"]
[Date "2009.11.14"]
[Round "2.17"]
[White "Laffin, Mickael"]
[Black "Trottet, Francois"]
[Result "0-1"]
[WhiteElo "1199"]
[BlackElo "1440"]
[PlyCount "58"]
[EventDate "2009.??.??"]

1. e4 c5 2. Nf3 d6 3. Nc3 a6 4. Bc4 Bg4 5. d3 Nf6 6. Bg5 e6 7. O-O Be7 8. Qd2
Bxf3 9. gxf3 Nbd7 10. d4 b5 11. dxc5 Nxc5 12. Rae1 bxc4 13. e5 dxe5 14. Qxd8+
Rxd8 15. Rxe5 Ncd7 16. Ree1 O-O 17. Bxf6 Nxf6 18. b4 Bxb4 19. Re3 Rd2 20. Na4
Rfd8 21. Ree1 Rxc2 22. Rd1 Bd2 23. Nc5 Rxa2 24. Ne4 Nxe4 25. fxe4 c3 26. f3 c2
27. Rxd2 Rxd2 28. f4 Rd1 29. Rxd1 cxd1=Q# 0-1

[Event "Championnat de la Loire - Open"]
[Site "Loire"]
[Date "2009.11.14"]
[Round "2.18"]
[White "Schlick, Paul"]
[Black "Victoria, Philippe"]
[Result "1-0"]
[WhiteElo "1430"]
[BlackElo "1050"]
[PlyCount "49"]
[EventDate "2009.??.??"]

1. d4 d5 2. e4 dxe4 3. c4 c5 4. d5 e6 5. Nc3 Nf6 6. Bg5 Nbd7 7. Nxe4 Qb6 8.
Nxf6+ Nxf6 9. Nf3 Qxb2 10. Bd3 h6 11. Bxf6 Qxf6 12. O-O g5 13. Re1 Bg7 14. Ne5
Qf4 15. Re4 Qf5 16. Re3 Qf6 17. Qa4+ Ke7 18. Rae1 Qf4 19. Qa5 b6 20. Nc6+ Kf6
21. Qd2 exd5 22. Rf3 Bd7 23. Rxf4+ gxf4 24. Qxf4+ Bf5 25. Qxf5# 1-0

[Event "Championnat de la Loire - Open"]
[Site "Loire"]
[Date "2009.11.14"]
[Round "2.19"]
[White "Choquelle, Jean"]
[Black "Rogues, Jean-Luc"]
[Result "0-1"]
[WhiteElo "1140"]
[BlackElo "1420"]
[PlyCount "30"]
[EventDate "2009.??.??"]

1. d4 d5 2. Nf3 Bf5 3. Bd2 Nf6 4. Ne5 Nbd7 5. f3 e6 6. e3 h6 7. Be2 Bd6 8. f4
Ne4 9. Bh5 Qh4+ 10. g3 Nxg3 11. Bxf7+ Ke7 12. Ng6+ Bxg6 13. Bxg6 Nxh1+ 14. Ke2
Qxh2+ 15. Kd3 Nf2+ 0-1

[Event "Championnat de la Loire - Open"]
[Site "Loire"]
[Date "2009.12.19"]
[Round "3.1"]
[White "Desassis, Maxence"]
[Black "Buisine, Roman"]
[Result "1-0"]
[WhiteElo "1690"]
[BlackElo "1550"]
[PlyCount "117"]

1. d4 Nf6 2. Nf3 e6 3. Bg5 c5 4. c3 d5 5. b3 Nc6 6. e3 Bd7 7. Bd3 Be7 8. O-O
O-O 9. a3 Rb8 10. Nbd2 Qc7 11. c4 cxd4 12. cxd5 Nxd5 13. Bxe7 Ncxe7 14. Nxd4
Rfc8 15. Rc1 Qd8 16. Nc4 Rc7 17. Qd2 Nc8 18. Ne5 Ncb6 19. Rxc7 Qxc7 20. Nxd7
Qxd7 21. Rc1 Rc8 22. Rxc8+ Qxc8 23. Qc2 Qxc2 24. Bxc2 Kf8 25. Nb5 Nc8 26. Kf1
e5 27. e4 Nf6 28. f3 Ke7 29. b4 a6 30. Nc3 Nb6 31. Bb3 Nfd7 32. Nd5+ Nxd5 33.
Bxd5 b6 34. a4 a5 35. bxa5 bxa5 36. Ke2 Nc5 37. Bc6 Kd6 38. Bb5 Nb3 39. Kd3 Nd4
40. Kc4 Nc2 41. Kc3 Ne3 42. g3 Nd1+ 43. Kd2 Nf2 44. Bf1 Kc5 45. Ke2 Kb4 46.
Kxf2 Kxa4 47. Bc4 f6 48. f4 Kb4 49. Bg8 h6 50. fxe5 fxe5 51. Kf3 a4 52. Kg4 g6
53. h4 Kc3 54. h5 g5 55. Kf5 Kd4 56. Bd5 a3 57. Kg6 a2 58. Bxa2 Kxe4 59. Kxh6
1-0

[Event "Championnat de la Loire - Open"]
[Site "Loire"]
[Date "2009.12.19"]
[Round "3.2"]
[White "Simon, Joel"]
[Black "Swietlicki, Jordan"]
[Result "1-0"]
[WhiteElo "1630"]
[BlackElo "1310"]
[PlyCount "115"]

1. d4 d5 2. e4 e6 3. e5 c5 4. c3 Nd7 5. Nf3 Be7 6. Be2 f6 7. Bf4 Qb6 8. Qc2 Qc6
9. O-O Bd8 10. Na3 Bc7 11. Rac1 Ne7 12. Rfe1 c4 13. b3 b5 14. bxc4 bxc4 15. Rb1
O-O 16. Nb5 Ba6 17. Nxc7 Qxc7 18. Qd2 Qd8 19. Bd1 Ng6 20. Bg3 Bc8 21. Bc2 Qe8
22. Nh4 f5 23. f4 Qf7 24. Nf3 Re8 25. Ng5 Qe7 26. Qe2 Ndf8 27. h4 h6 28. Nf3
Qa3 29. h5 Ne7 30. Bh4 Bd7 31. Bxe7 Rxe7 32. Rec1 Qxa2 33. Nh4 Qa5 34. Ng6 Nxg6
35. hxg6 Qxc3 36. Qf2 Qa5 37. Ra1 Qc7 38. Qh4 Be8 39. Qg3 c3 40. Bb3 Rc8 41.
Rc2 a5 42. Rac1 Qb6 43. Rxc3 Rxc3 44. Qxc3 Rc7 45. Qxc7 Qxc7 46. Rxc7 Bxg6 47.
Ra7 Bf7 48. Rxa5 g5 49. fxg5 hxg5 50. Kf2 Bh5 51. g3 Kg7 52. Ra7+ Kg6 53. Re7
f4 54. gxf4 Bg4 55. Bc2+ Kh5 56. Kg3 gxf4+ 57. Kxf4 Bh3 58. Rh7# 1-0

[Event "Championnat de la Loire - Open"]
[Site "Loire"]
[Date "2009.12.19"]
[Round "3.3"]
[White "Chambosse, Alexis"]
[Black "Mazet, Christian"]
[Result "0-1"]
[WhiteElo "1490"]
[BlackElo "1590"]
[PlyCount "77"]

1. e4 c5 2. Nf3 d6 3. a3 Nf6 4. Nc3 Nc6 5. Bc4 Bg4 6. d3 Ne5 7. Bb5+ Nfd7 8.
Qe2 Bxf3 9. gxf3 a6 10. f4 axb5 11. fxe5 b4 12. Nd5 dxe5 13. Bd2 e6 14. Ne3 b5
15. O-O Be7 16. axb4 cxb4 17. c3 b3 18. d4 exd4 19. cxd4 O-O 20. Qxb5 Nf6 21.
e5 Ne4 22. Bc3 Rb8 23. Qc6 Nxc3 24. Qxc3 Qb6 25. d5 Rbc8 26. Qd3 exd5 27. Nxd5
Qe6 28. Nxe7+ Qxe7 29. Rfc1 Qg5+ 30. Qg3 Rxc1+ 31. Rxc1 Qxc1+ 32. Kg2 Qxb2 33.
e6 Re8 34. exf7+ Kxf7 35. Qf3+ Kg8 36. Qd5+ Kh8 37. Qf7 Rc8 38. Kg3 Qc3+ 39.
Kg4 0-1

[Event "Championnat de la Loire - Open"]
[Site "Loire"]
[Date "2009.12.19"]
[Round "3.4"]
[White "Richard, Nicolas"]
[Black "Bednar, Emile"]
[Result "0-1"]
[WhiteElo "1199"]
[BlackElo "1760"]
[PlyCount "76"]

1. e4 Nc6 2. Nf3 d6 3. h3 e5 4. d4 exd4 5. Nxd4 Bd7 6. Nc3 Be7 7. Bc4 Ne5 8.
Bd3 c5 9. Nf5 Bxf5 10. exf5 a6 11. Bf4 Nf6 12. Bxe5 dxe5 13. O-O O-O 14. Re1
Qc7 15. Be4 Rad8 16. Qf3 b5 17. Nd5 Nxd5 18. Bxd5 Rd7 19. Bc6 Rd4 20. Be4 Rfd8
21. Rad1 Bf6 22. c3 Rxd1 23. Rxd1 h6 24. b4 cxb4 25. cxb4 Rd4 26. a3 a5 27.
bxa5 Qxa5 28. Rd3 Qe1+ 29. Kh2 Rxe4 30. Re3 Rxe3 31. fxe3 Qd2 32. Qe4 Qd7 33.
Qb4 Qc7 34. Qxb5 e4+ 35. Kg1 Be5 36. Kf2 Qc2+ 37. Qe2 Bg3+ 38. Kf1 Qc1+ 0-1

[Event "Championnat de la Loire - Open"]
[Site "Loire"]
[Date "2009.12.19"]
[Round "3.5"]
[White "Andre, Gregory"]
[Black "Boeuf, Jean-Julien"]
[Result "0-1"]
[WhiteElo "1499"]
[BlackElo "1400"]
[PlyCount "125"]

1. f4 d6 2. Nf3 Nf6 3. b3 g6 4. Bb2 Bg7 5. Nc3 O-O 6. d3 Bg4 7. h3 Bxf3 8. gxf3
c6 9. Qd2 Nbd7 10. O-O-O Bh6 11. e3 Re8 12. Qg2 e5 13. Kb1 exf4 14. e4 Nb6 15.
Be2 d5 16. h4 d4 17. Na4 Nxa4 18. bxa4 Qa5 19. Bxd4 Qb4+ 20. Bb2 Bg7 21. c3 Qb6
22. Ka1 Nd7 23. Rb1 Qa5 24. Qg5 Qxg5 25. hxg5 f6 26. c4 b6 27. Rhg1 fxg5 28.
Bxg7 Kxg7 29. Rxg5 Nc5 30. Rg4 Nxa4 31. Rxf4 Rf8 32. Rh4 h5 33. Rg1 Kh7 34. f4
Kh6 35. f5 Rf6 36. fxg6 Rxg6 37. Rxg6+ Kxg6 38. Rxh5 Rf8 39. Rh1 Nc3 40. Bg4
Rf2 41. Bf5+ Kg5 42. Rg1+ Kf4 43. Rf1 Rxf1+ 44. Kb2 Na4+ 45. Ka3 Nc5 46. d4 Nd3
47. d5 cxd5 48. exd5 Ke5 49. Ka4 Rf2 50. a3 Nc5+ 51. Kb5 Ne4 52. Bxe4 Rb2+ 53.
Kc6 Rb3 54. Bg2 Rxa3 55. d6 Ke6 56. Kc7 Rc3 57. Kb7 Kxd6 58. Kxa7 b5 59. Be4
Kc7 60. Ka6 b4 61. Kb5 b3 62. Kb4 Re3 63. Ka3 0-1

[Event "Championnat de la Loire - Open"]
[Site "Loire"]
[Date "2009.12.19"]
[Round "3.6"]
[White "Chabas, Jean-Luc"]
[Black "Volay, Pascal"]
[Result "1/2-1/2"]
[WhiteElo "1580"]
[BlackElo "1540"]
[PlyCount "100"]

1. e4 e5 2. Nf3 Nc6 3. Bb5 a6 4. Ba4 Nf6 5. O-O b5 6. Bb3 Be7 7. Re1 d6 8. h3
O-O 9. c3 h6 10. d4 Nh7 11. Be3 Bg5 12. Nbd2 Bxe3 13. Rxe3 Rb8 14. Nf1 Na5 15.
Bc2 Nc4 16. Re1 Ng5 17. Nxg5 Qxg5 18. Qf3 Nxb2 19. Bb3 Nc4 20. Re2 c6 21. Ne3
Nxe3 22. Rxe3 a5 23. dxe5 a4 24. Bc2 dxe5 25. a3 Be6 26. Rd1 Rbd8 27. Red3 Qe7
28. Qe2 Rxd3 29. Rxd3 Rd8 30. Rxd8+ Qxd8 31. Qd3 Qxd3 32. Bxd3 g6 33. Kf1 f5
34. f3 Kf7 35. Kf2 f4 36. Ke2 Ke7 37. Kf2 g5 38. Kg1 h5 39. Kh2 h4 40. Kg1 Kd6
41. Kf2 Kc5 42. Ke2 Bc4 43. Kd2 Bxd3 44. Kxd3 Kd6 45. Kc2 c5 46. Kd3 Kc6 47.
Kc2 Kb6 48. Kb2 Ka5 49. Ka2 b4 50. c4 b3+ 1/2-1/2

[Event "Championnat de la Loire - Open"]
[Site "Loire"]
[Date "2009.12.19"]
[Round "3.7"]
[White "Brachet, Gerard"]
[Black "Moleins, Jean-Pierre"]
[Result "0-1"]
[WhiteElo "1450"]
[BlackElo "1670"]
[PlyCount "56"]

1. d4 c6 2. e4 e6 3. Nf3 d5 4. e5 Ne7 5. Bd3 Nd7 6. O-O Nf5 7. c4 Be7 8. Bf4
Qb6 9. Bxf5 Qxb2 10. Nbd2 exf5 11. Qb3 Qxb3 12. axb3 dxc4 13. bxc4 Nb6 14. c5
Nd5 15. Bg5 f6 16. exf6 gxf6 17. Bh4 Bd7 18. h3 f4 19. Rfe1 Kf7 20. Ne4 Rhg8
21. Kh2 b6 22. Nd6+ Bxd6 23. cxd6 Bf5 24. g4 fxg3+ 25. Bxg3 b5 26. Red1 Rgc8
27. Ra6 Nb4 28. Ra5 a6 0-1

[Event "Championnat de la Loire - Open"]
[Site "Loire"]
[Date "2009.12.19"]
[Round "3.8"]
[White "Desassis, Jean-Francois"]
[Black "Trottet, Francois"]
[Result "1-0"]
[WhiteElo "1550"]
[BlackElo "1440"]
[PlyCount "117"]

1. d4 Nf6 2. Nc3 e6 3. Bg5 d5 4. e4 Be7 5. e5 Nfd7 6. Bd2 c5 7. Be3 a6 8. f4
Nc6 9. Nf3 cxd4 10. Nxd4 Nc5 11. Be2 Bd7 12. O-O g6 13. Nf3 O-O 14. Qe1 Qb6 15.
Na4 Qa5 16. Qxa5 Nxa5 17. Nxc5 Be8 18. b4 Nc6 19. Rab1 b6 20. Nd3 Rb8 21. a3
Na7 22. Nd4 Ba4 23. Nb2 Bd7 24. Bxa6 b5 25. Nd3 Rb6 26. Nxe6 Rxe6 27. Bxa7 Rxa6
28. Bc5 Re8 29. Bxe7 Rxe7 30. Rb3 Bf5 31. Rc1 Rea7 32. Ra1 Ra8 33. Nc5 R6a7 34.
Rc3 d4 35. Rf3 Rd8 36. Ra2 Rc7 37. Rf2 Rd5 38. g3 h5 39. Rd2 Kg7 40. c3 d3 41.
Kf2 Rc8 42. Ke3 Rcd8 43. Nb7 Rc8 44. Nc5 Kf8 45. a4 bxa4 46. Rxa4 Rb8 47. Ra6
Re8 48. Nxd3 Red8 49. Rd6 Bxd3 50. Rxd8+ Rxd8 51. Rxd3 Rc8 52. Kd4 Ke7 53. c4
Ke6 54. Ra3 Rd8+ 55. Kc3 Kf5 56. Ra5 Rc8 57. c5 Rc6 58. Ra7 f6 59. Rf7 1-0

[Event "Championnat de la Loire - Open"]
[Site "Loire"]
[Date "2009.12.19"]
[Round "3.9"]
[White "Rogues, Jean-Luc"]
[Black "Ducoulombier, Bertrand"]
[Result "1-0"]
[WhiteElo "1420"]
[BlackElo "1499"]
[PlyCount "66"]

1. d4 Nf6 2. c4 g6 3. Nc3 Bg7 4. e4 d6 5. Bd3 Nbd7 6. Be3 O-O 7. Nge2 e5 8. d5
Nh5 9. Qd2 f5 10. exf5 gxf5 11. Bh6 Bxh6 12. Qxh6 Nc5 13. Bc2 Qe8 14. Qg5+ Qg6
15. Qxg6+ hxg6 16. O-O Kf7 17. b4 Na6 18. a3 c6 19. Ng3 Nxg3 20. fxg3 Nc7 21.
g4 f4 22. h3 g5 23. dxc6 bxc6 24. Ne4 Rg8 25. Nxd6+ Ke7 26. Nxc8+ Raxc8 27. Bf5
Rcd8 28. Rfe1 Kf6 29. Rad1 Ne6 30. c5 Ng7 31. Be4 Rc8 32. Rd6+ Ke7 33. Bxc6
Rcd8 1-0

[Event "Championnat de la Loire - Open"]
[Site "Loire"]
[Date "2009.12.19"]
[Round "3.10"]
[White "Febvret, Olivier"]
[Black "Mialon, Franck"]
[Result "1-0"]
[WhiteElo "1499"]
[BlackElo "1370"]
[PlyCount "64"]

1. e4 e5 2. Nf3 Nc6 3. Nc3 Nf6 4. Bc4 Bc5 5. h3 O-O 6. d3 Nd4 7. Nxe5 c6 8. Bg5
d5 9. exd5 Qd6 10. Nf3 Re8+ 11. Be3 Nf5 12. d4 Nxe3 13. fxe3 Qg3+ 14. Kf1 Bd6
15. Qe1 Qg6 16. Bd3 Bf5 17. Bxf5 Qxf5 18. Qf2 Nxd5 19. e4 Rxe4 20. Nxe4 Qxe4
21. Re1 Qg6 22. Qe2 Nf4 23. Qd2 a5 24. c3 Qf6 25. Kf2 Qf5 26. Re3 Nd5 27. Re2
Bf4 28. Qc2 Qf6 29. Qe4 h5 30. Rhe1 Bg5 31. Kg1 Nf4 32. Nxg5 Qxg5 1-0

[Event "Championnat de la Loire - Open"]
[Site "Loire"]
[Date "2009.12.19"]
[Round "3.11"]
[White "Martin, Julien"]
[Black "Allabrune, Guillaume"]
[Result "1-0"]
[WhiteElo "1370"]
[BlackElo "1480"]
[PlyCount "61"]

1. e4 e5 2. Nf3 Nc6 3. Bb5 Bc5 4. Bxc6 dxc6 5. O-O Bg4 6. Nc3 Nf6 7. d3 O-O 8.
Qe1 Nh5 9. Be3 Nf4 10. Bxf4 exf4 11. e5 Bd4 12. Qe4 Bxf3 13. Qxf3 Qg5 14. Ne4
Qxe5 15. c3 Bb6 16. d4 Qb5 17. a4 Qxb2 18. a5 Bxd4 19. cxd4 Qxd4 20. Qxf4 c5
21. Rfd1 Qb2 22. Qxc7 Qb4 23. Nxc5 Rac8 24. Nd3 Rxc7 25. Nxb4 b5 26. Nd5 Rc4
27. g3 Kh8 28. Ne3 Re4 29. Rd7 Ra4 30. Rxa4 bxa4 31. Rd4 1-0

[Event "Championnat de la Loire - Open"]
[Site "Loire"]
[Date "2009.12.19"]
[Round "3.12"]
[White "Daillere, Roland"]
[Black "Doran, Niall"]
[Result "0-1"]
[WhiteElo "1360"]
[BlackElo "1470"]
[PlyCount "50"]

1. e4 e5 2. f4 Bc5 3. Nf3 d6 4. h3 Nf6 5. Nc3 O-O 6. d4 exd4 7. Nxd4 Re8 8. Qd3
Nxe4 9. Nxe4 d5 10. Be3 dxe4 11. Qc3 Bd6 12. O-O-O Bd7 13. Bc4 Qe7 14. a3 a6
15. g4 b5 16. Ba2 b4 17. axb4 Bxb4 18. Qb3 Nc6 19. Nxc6 Bxc6 20. c3 Bd6 21. f5
Rab8 22. Qc2 Bb5 23. c4 Bc6 24. b3 Be5 25. Bd4 Qa3+ 0-1

[Event "Championnat de la Loire - Open"]
[Site "Loire"]
[Date "2009.12.19"]
[Round "3.13"]
[White "Liogier, Pascal"]
[Black "Joly, Christian"]
[Result "0-1"]
[WhiteElo "1330"]
[BlackElo "1440"]
[PlyCount "68"]

1. e4 d6 2. d4 Nf6 3. Nc3 g6 4. Be3 Bg7 5. Qd2 O-O 6. Bd3 Ng4 7. Nge2 Nxe3 8.
Qxe3 Nd7 9. h4 c5 10. Bc4 cxd4 11. Nxd4 Ne5 12. Be2 Ng4 13. Bxg4 Bxg4 14. f3
Bd7 15. O-O-O Qb6 16. Qd2 h6 17. Nce2 f5 18. exf5 Bxf5 19. Nb3 Rac8 20. c3 a5
21. Ned4 Bd7 22. Qe2 Rf7 23. Kb1 a4 24. Nc1 Rxc3 25. Ne6 Bxe6 26. Nd3 Bf5 27.
Rd2 Bxd3+ 28. Rxd3 Rxd3 29. Rc1 Kh7 30. h5 g5 31. Qe4+ Kg8 32. Rc8+ Rf8 33.
Qe6+ Kh8 34. Rxf8+ Bxf8 0-1

[Event "Championnat de la Loire - Open"]
[Site "Loire"]
[Date "2009.12.19"]
[Round "3.14"]
[White "Boeuf, Jeremy"]
[Black "Laffin, Mickael"]
[Result "1-0"]
[WhiteElo "1499"]
[BlackElo "1199"]
[PlyCount "57"]

1. e4 d5 2. d4 e5 3. dxe5 d4 4. Nf3 Nc6 5. Bb5 Bd7 6. Bg5 Be7 7. Bxe7 Ngxe7 8.
Bxc6 Nxc6 9. Nxd4 Nxe5 10. O-O Ng4 11. Nc3 Qh4 12. h3 Nf6 13. e5 Ne4 14. Nxe4
Qxe4 15. Nf3 Bb5 16. Re1 Qc4 17. b3 Qc3 18. e6 Rd8 19. exf7+ Kxf7 20. Qc1 Rhe8
21. Rxe8 Rxe8 22. Rb1 Re2 23. Rb2 Qc5 24. Ng5+ Kg8 25. Qf4 h6 26. Qf7+ Kh8 27.
Ne6 Qb6 28. Qf8+ Kh7 29. Qxg7# 1-0

[Event "Championnat de la Loire - Open"]
[Site "Loire"]
[Date "2009.12.19"]
[Round "3.15"]
[White "Bader, Gaetan"]
[Black "Choquelle, Jean"]
[Result "1-0"]
[WhiteElo "1220"]
[BlackElo "1140"]
[PlyCount "117"]

1. e4 e5 2. Nf3 Nc6 3. Nc3 Nf6 4. Be2 d5 5. d3 d4 6. Nb1 Bc5 7. O-O Bd7 8. c3
O-O 9. Bd2 a5 10. a3 Be7 11. cxd4 exd4 12. e5 Ng4 13. Bf4 Bf5 14. h3 Ne3 15.
fxe3 f6 16. e4 Bg6 17. Nbd2 f5 18. exf5 Rxf5 19. Bg3 Bg5 20. Ne4 Be3+ 21. Bf2
Nxe5 22. Nxe5 Rxe5 23. Ng3 Qf6 24. Bxe3 Qd6 25. Bf4 Rae8 26. Bxe5 Qxe5 27. Kh2
Qd6 28. Re1 Rf8 29. Rf1 Re8 30. Rb1 Re3 31. Rf3 Qe5 32. Qd2 Be4 33. Rbf1 h6 34.
b4 Bxf3 35. Bxf3 h5 36. h4 Qf4 37. Qd1 Qxh4+ 38. Kg1 Qxg3 39. Bxh5 Rxd3 40. Qg4
Qe3+ 41. Kh2 Qe5+ 42. Rf4 Qe1 43. Qe2 Qg3+ 44. Kg1 Re3 45. Rf3 Qg5 46. Rxe3
Qxe3+ 47. Qxe3 dxe3 48. Kf1 b6 49. Ke2 c5 50. b5 c4 51. Kxe3 c3 52. Kd3 Kh7 53.
Kxc3 Kh6 54. Bf3 Kg5 55. Kc4 Kf4 56. Kd5 Ke3 57. Kc6 Kd3 58. Kxb6 Kc3 59. Kxa5
1-0

[Event "Championnat de la Loire - Open"]
[Site "Loire"]
[Date "2009.12.19"]
[Round "4.1"]
[White "Mazet, Christian"]
[Black "Desassis, Maxence"]
[Result "0-1"]
[WhiteElo "1590"]
[BlackElo "1690"]
[PlyCount "66"]
[EventDate "2009.??.??"]

1. d4 f5 2. Nf3 Nf6 3. e3 e6 4. Bd3 Nc6 5. c3 Bd6 6. Nbd2 O-O 7. Nc4 Be7 8. Qc2
b6 9. Bd2 Ba6 10. Nfe5 Nxe5 11. Nxe5 Bb7 12. f3 d6 13. Nc4 Nh5 14. O-O-O Nf6
15. Rhg1 c5 16. g4 Bxf3 17. gxf5 Bxd1 18. Qxd1 exf5 19. Bxf5 Qe8 20. Be6+ Kh8
21. d5 Qh5 22. e4 Qxd1+ 23. Kxd1 Nxe4 24. Be3 h6 25. Ke2 Ng5 26. Bxg5 hxg5 27.
Rg3 Rf4 28. Ne3 g6 29. Ng2 Rf6 30. Rh3+ Kg7 31. Ne3 Rh8 32. Rxh8 Kxh8 33. Kd3
Rf8 0-1

[Event "Championnat de la Loire - Open"]
[Site "Loire"]
[Date "2009.12.19"]
[Round "4.2"]
[White "Boeuf, Jean-Julien"]
[Black "Simon, Joel"]
[Result "1/2-1/2"]
[WhiteElo "1400"]
[BlackElo "1630"]
[PlyCount "60"]
[EventDate "2009.??.??"]

1. e4 d6 2. d4 Nf6 3. Nc3 g6 4. f4 Bg7 5. Nf3 O-O 6. h3 c5 7. e5 Nh5 8. Kf2
cxd4 9. Qxd4 Nc6 10. Qe3 Bh6 11. Ne2 Ng7 12. g3 Qc7 13. Ned4 dxe5 14. Nxe5 Nxe5
15. Qxe5 Qb6 16. b3 Nf5 17. Be3 Bg7 18. Nxf5 Bxf5 19. Qxg7+ Kxg7 20. Bxb6 axb6
21. c4 Rad8 22. Ke3 Rd6 23. g4 Re6+ 24. Kf2 Be4 25. Bg2 Bxg2 26. Kxg2 Rd8 27.
Rad1 Re2+ 28. Kf3 Red2 29. Rxd2 Rxd2 30. a3 Rd3+ 1/2-1/2

[Event "Championnat de la Loire - Open"]
[Site "Loire"]
[Date "2009.12.19"]
[Round "4.3"]
[White "Bednar, Emile"]
[Black "Desassis, Jean-Francois"]
[Result "1-0"]
[WhiteElo "1760"]
[BlackElo "1550"]
[PlyCount "39"]
[EventDate "2009.??.??"]

1. e4 c5 2. Nf3 Nc6 3. d4 cxd4 4. Nxd4 g6 5. Nc3 Bg7 6. Be3 Nf6 7. Be2 Qa5 8.
O-O O-O 9. Nb3 Qe5 10. f4 Qd6 11. Qe1 b6 12. e5 Nxe5 13. fxe5 Qxe5 14. Bf4 Qe6
15. Nd4 Bb7 16. Nxe6 fxe6 17. Qh4 Ne8 18. Bh6 Nd6 19. Bxg7 Kxg7 20. Qxe7+ 1-0

[Event "Championnat de la Loire - Open"]
[Site "Loire"]
[Date "2009.12.19"]
[Round "4.4"]
[White "Moleins, Jean-Pierre"]
[Black "Rogues, Jean-Luc"]
[Result "1-0"]
[WhiteElo "1670"]
[BlackElo "1420"]
[PlyCount "83"]
[EventDate "2009.??.??"]

1. d4 d5 2. c4 Nf6 3. cxd5 Nxd5 4. e4 Nb6 5. Nf3 Bg4 6. Be2 e6 7. h3 Bh5 8. Nc3
Bb4 9. Bd2 Bxf3 10. Bxf3 Qxd4 11. O-O O-O 12. a3 Bxc3 13. bxc3 Qd6 14. e5 Qxe5
15. Bxb7 N8d7 16. Bxa8 Rxa8 17. Qf3 Rd8 18. Bf4 Qc5 19. Qg3 Nd5 20. Kh1 N7f6
21. Be5 g6 22. Qg5 Qe7 23. c4 Ne4 24. Qh6 Ndf6 25. f3 Nd2 26. Qg5 Kg7 27. Rfd1
Nxc4 28. Bxf6+ Qxf6 29. Qxf6+ Kxf6 30. Rxd8 Ne5 31. Rc8 c6 32. Rf1 Nc4 33. Rxc6
Nxa3 34. Ra6 Nb5 35. Ra5 Nc3 36. Rxa7 Nd5 37. g4 Nf4 38. Kh2 e5 39. h4 g5 40.
hxg5+ Kxg5 41. Rxf7 h6 42. Rf5+ 1-0